=LDR 00000nam 2200000 4500 =001 NUTBA000000000004257 =005 20140909135418.0 =006 =007 =008 =035 ##$$a 0010-091400000000290 =040 ##$$a Ind =082 ##$$a 630.7 =090 ##$$a 630.7$bMos m =100 ##$$a Mosher, A. T =245 ##$$a Menggerakkan dan membangun pertanian $c A.T Mosher =260 ##$$a [Sl]$bYadaguna$c[20?...]. =300 ##$$a 247 Hlm$bIlus$c21 cm =850 ##$$a NBPNMAT =990 ##$$a 00088182 =990 ##$$a 0001/BPAP-NTB/20142014